000 00879nam a22002417a 4500
005 20170123164141.0
010 _aA-506724
020 _c30.00
035 _aA-506724
040 _aDPL
082 _a
_bਅਜੀਤ
100 _aਅਜੀਤ ਸਿੰਘ
_916157
245 _aਪੱਥਰ ਦੀ ਅੱਖ /
_cਅਜੀਤ ਸਿੰਘ
246 _aPatthar di aakh
_bby Ajit singh
260 _aਦਿੱਲੀ
_bਨੈਸ਼ਨਲ ਬੁਕ ਸ਼ਾਪ
270 _aਪਲੱਈਅਰ ਗਾਰਡਨ ਮਾਰਕੀਟ, ਚਾਂਦਨੀ ਚੌਕ,
_bਦਿੱਲੀ
_e110006
300 _a133p.
_c20cm(Hb)
650 _aਪੰਜਾਬੀ ਸਾਹਿਤ-ਨਾਵਲ
_916158
650 _aਪੰਜਾਬੀ ਸਾਹਿਤ
_9779
650 _aPunjabi Literature
_9781
650 _aPunjabi Literature-Novel
_91580
942 _2ddc
_cPN
_h
_mਅਜੀਤ
999 _c109696
_d109696